[Event "AUT_chT 2012/13"]
[Site "Hohenems"]
[Date "2012.11.03"]
[Round "2"]
[Board "4"]
[White "Moser, Guenter"]
[Black "Tuncer, Ufuk"]
[Result "1-0"]
[WhiteElo "2356"]
[BlackElo "2313"]
[PlyCount "89"]
[EventDate "2012.11.02"]
[EventType "team"]
[EventRounds "11"]
[EventCountry "AUT"]
[WhiteTeam "Club 7 Ansfelden"]
[BlackTeam "SK Advisory Invest Baden"]

1. d4 Nf6 2. c4 g6 3. Nc3 Bg7 4. e4 d6 5. f3 O-O 6. Be3 Nc6 7. Nge2 a6 8. Qd2
Rb8 9. g4 b5 10. cxb5 axb5 11. b3 Re8 12. Rc1 b4 13. Nd1 Bb7 14. Nf2 e5 15. d5
Nd4 16. Bg2 Nd7 17. O-O Ba6 18. Bxd4 exd4 19. Rfe1 d3 20. Nxd3 Bxd3 21. Qxd3
Ne5 22. Qd2 Qh4 23. h3 Nxf3+ 24. Bxf3 Bh6 25. Qd4 Qxh3 26. Qf2 Bd2 27. Ng3 Bf4
28. Nf1 h5 29. gxh5 Re5 30. Rc2 Rg5+ 31. Bg2 Be5 32. Re3 Qxh5 33. Rf3 Ra8 34.
Ne3 Qh2+ 35. Kf1 Bd4 36. Ng4 Rxg4 37. Qxd4 Re8 38. Qf6 Rf8 39. Rcf2 Qh6 40. Rf4
Qh5 41. Rxg4 Qxg4 42. Kg1 Qd1+ 43. Rf1 Qd2 44. Rf4 Qd1+ 45. Bf1 1-0

[Event "AUT_chT 2012/13"]
[Site "Hohenems"]
[Date "2012.11.03"]
[Round "2"]
[Board "5"]
[White "Siebrecht, Sebastian"]
[Black "Ennsberger, Ulrich"]
[Result "1-0"]
[WhiteElo "2494"]
[BlackElo "2368"]
[PlyCount "91"]
[EventDate "2012.11.02"]
[EventType "team"]
[EventRounds "11"]
[EventCountry "AUT"]
[WhiteTeam "SK Advisory Invest Baden"]
[BlackTeam "Club 7 Ansfelden"]

1. d4 Nf6 2. c4 c5 3. d5 b5 4. cxb5 a6 5. bxa6 Bxa6 6. Nc3 d6 7. g3 g6 8. Bg2
Bg7 9. Rb1 Nbd7 10. Nf3 O-O 11. O-O Ra7 12. Re1 Qa8 13. b3 Rb8 14. Bb2 Rab7 15.
Ba1 Qa7 16. h3 Nb6 17. Qd2 Nfd7 18. Ne4 Nc4 19. Qc1 Nce5 20. Nxe5 Nxe5 21. Bc3
Nd7 22. Bxg7 Kxg7 23. Qc3+ Kg8 24. h4 h5 25. Bh3 Rb4 26. Ng5 Rd4 27. Nxf7 Kxf7
28. Be6+ Kf8 29. e3 Ne5 30. exd4 cxd4 31. Qc1 Kg7 32. Rxe5 dxe5 33. Qg5 Rf8 34.
Qxe5+ Kh7 35. Rd1 d3 36. Rd2 Qc5 37. Kg2 Qc1 38. Qg5 Rf6 39. Qe3 Qc3 40. f3 Kg7
41. Rf2 Qb4 42. Kh3 Qc3 43. Qa7 Qa1 44. Qxe7+ Kh6 45. Kg2 d2 46. Bg8 1-0

[Event "AUT_chT 2012/13"]
[Site "Hohenems"]
[Date "2012.11.03"]
[Round "2"]
[Board "2"]
[White "Sebenik, Matej"]
[Black "Atlas, Valery"]
[Result "1/2-1/2"]
[WhiteElo "2537"]
[BlackElo "2448"]
[PlyCount "90"]
[EventDate "2012.11.02"]
[EventType "team"]
[EventRounds "11"]
[EventCountry "AUT"]
[WhiteTeam "SV Raika Rapid Feffernitz"]
[BlackTeam "SK Hohenems"]

1. d4 Nf6 2. c4 c5 3. d5 e5 4. Nc3 d6 5. e4 Nbd7 6. g3 Be7 7. Bg2 O-O 8. Nge2
a6 9. a4 b6 10. O-O Ne8 11. Kh1 Ra7 12. Qd3 Kh8 13. Bh3 g6 14. Bh6 Rg8 15. f4
Bf8 16. Bxf8 Rxf8 17. Ng1 Qe7 18. Nf3 Rb7 19. Qd2 Ng7 20. a5 f6 21. Bxd7 Bxd7
22. fxe5 dxe5 23. d6 Qd8 24. Nd5 b5 25. Ne7 g5 26. b4 Be6 27. bxc5 Bxc4 28. c6
Rxe7 29. dxe7 Qxe7 30. Rfd1 Ne6 31. Qd6 Qa7 32. Nd2 Rd8 33. Qxd8+ Nxd8 34. Nxc4
Nxc6 35. Nb6 Qf7 36. Rd6 Qh5 37. Rf1 Qe2 38. Rdxf6 Qxe4+ 39. Kg1 Qe3+ 40. Kg2
Qe4+ 41. Kh3 Nd4 42. Rf8+ Kg7 43. R8f7+ Kg8 44. Rf8+ Kg7 45. R8f7+ Kg8 1/2-1/2

[Event "AUT_chT 2012/13"]
[Site "Hohenems"]
[Date "2012.11.03"]
[Round "2"]
[Board "3"]
[White "Novkovic, Milan"]
[Black "Skoberne, Jure"]
[Result "0-1"]
[WhiteElo "2403"]
[BlackElo "2543"]
[PlyCount "56"]
[EventDate "2012.11.02"]
[EventType "team"]
[EventRounds "11"]
[EventCountry "AUT"]
[WhiteTeam "SK Hohenems"]
[BlackTeam "SV Raika Rapid Feffernitz"]

1. d4 d5 2. c4 c6 3. cxd5 cxd5 4. Nc3 Nf6 5. Bf4 Nc6 6. e3 Bf5 7. Qb3 Na5 8.
Bb5+ Bd7 9. Qa4 e6 10. Bg5 Nc6 11. Nf3 a6 12. Be2 h6 13. Bxf6 Qxf6 14. O-O g5
15. Qb3 b5 16. Nxb5 axb5 17. Bxb5 Qd8 18. Bxc6 Bxc6 19. Ne5 Bd7 20. e4 dxe4 21.
d5 Bg7 22. dxe6 Bxe5 23. Rad1 fxe6 24. Qb7 Ra4 25. b3 Rd4 26. Rxd4 Bxd4 27.
Qxe4 Qf6 28. Kh1 O-O 0-1

[Event "AUT_chT 2012/13"]
[Site "Hohenems"]
[Date "2012.11.03"]
[Round "2"]
[Board "4"]
[White "Zorko, Jure"]
[Black "Froewis, Georg"]
[Result "0-1"]
[WhiteElo "2464"]
[BlackElo "2409"]
[PlyCount "150"]
[EventDate "2012.11.02"]
[EventType "team"]
[EventRounds "11"]
[EventCountry "AUT"]
[WhiteTeam "SV Raika Rapid Feffernitz"]
[BlackTeam "SK Hohenems"]

1. e4 e6 2. d4 d5 3. Nc3 Bb4 4. Nge2 dxe4 5. a3 Bxc3+ 6. Nxc3 Nc6 7. Bb5 Nge7
8. Be3 f5 9. Qd2 O-O 10. O-O-O Nd5 11. Nxd5 exd5 12. Bxc6 bxc6 13. Bf4 Be6 14.
h4 h5 15. Rh3 Kh7 16. Qa5 Rf7 17. Rdh1 Qf6 18. Qc5 Rb8 19. Rc3 Rb6 20. g3 Qd8
21. a4 Qb8 22. b3 Bd7 23. Rd1 Be8 24. Qa3 Qd8 25. Rc5 Qc8 26. Qb2 Qe6 27. Qc3
Qc8 28. Re1 Rf6 29. Kb2 Re6 30. Qd2 Re7 31. Re3 Re6 32. Ka3 Rf6 33. Rec3 Rf7
34. Be5 Qd8 35. Qf4 Rb7 36. Ra5 Qe7+ 37. Rcc5 Qd8 38. Ra6 Qc8 39. Rca5 c5 40.
Rxc5 c6 41. Raa5 Qe6 42. Qd2 Qh6 43. Bf4 Qe6 44. Kb2 Qe7 45. Be5 Qe6 46. Qg5
Qh6 47. Qxh6+ Kxh6 48. Bf4+ Kg6 49. Ra6 Rb6 50. Rca5 Rxa6 51. Rxa6 Rb7 52. Kc3
Kf6 53. Bg5+ Ke6 54. Bc1 Bd7 55. Bf4 Be8 56. Kd2 Kd7 57. Ke3 Kc8 58. Bd6 Rf7
59. Kf4 Kb7 60. Ra5 g6 61. Bc5 a6 62. Bd6 Rf6 63. Be5 Re6 64. Rc5 Re7 65. Kg5
Re6 66. c4 Rxe5 67. dxe5 d4 68. Kf4 g5+ 69. hxg5 h4 70. gxh4 e3 71. fxe3 d3 72.
g6 d2 73. g7 d1=Q 74. g8=Q Qf1+ 75. Kg5 Qg1+ 0-1

[Event "AUT_chT 2012/13"]
[Site "Hohenems"]
[Date "2012.11.03"]
[Round "2"]
[Board "1"]
[White "Ragger, Markus"]
[Black "Luther, Thomas"]
[Result "1-0"]
[WhiteElo "2655"]
[BlackElo "2535"]
[PlyCount "109"]
[EventDate "2012.11.02"]
[EventType "team"]
[EventRounds "11"]
[EventCountry "AUT"]
[WhiteTeam "SK MPOE Maria Saal"]
[BlackTeam "SK Absam"]

1. Nf3 d5 2. d4 Nf6 3. c4 e6 4. g3 Bb4+ 5. Bd2 Bd6 6. Bg2 O-O 7. O-O dxc4 8.
Qc2 Nbd7 9. Rd1 Qe7 10. Na3 e5 11. dxe5 Nxe5 12. Nxe5 Qxe5 13. Bf4 Qh5 14. Bxd6
cxd6 15. Nxc4 Bg4 16. Rd4 d5 17. Ne3 Bxe2 18. Nxd5 Nxd5 19. Rxd5 f5 20. Rd7 f4
21. Rd5 Qe8 22. gxf4 Rc8 23. Qd2 Ba6 24. Re1 Qg6 25. b4 Bc4 26. Rg5 Qf7 27.
Rge5 b5 28. Re7 Qg6 29. Rxa7 Rcd8 30. Rd7 Rxd7 31. Qxd7 Rxf4 32. a4 h6 33. axb5
Rg4 34. Qb7 Bxb5 35. Kh1 Rxg2 36. Qxg2 Bc6 37. f3 Qd3 38. Rf1 Kh7 39. h3 Kh8
40. Qf2 Qc4 41. Qe1 Qf4 42. Kg2 Qg5+ 43. Kh2 Qf4+ 44. Kg2 Qg5+ 45. Qg3 Qd2+ 46.
Rf2 Qxb4 47. Qe5 Qb3 48. Qf5 Bd5 49. Rd2 Bg8 50. Qe5 Qf7 51. Rd6 Kh7 52. Kg3
Qa7 53. Qe4+ Kh8 54. Qd4 Qc7 55. f4 1-0

[Event "AUT_chT 2012/13"]
[Site "Hohenems"]
[Date "2012.11.03"]
[Round "2"]
[Board "2"]
[White "Rotstein, Arkadij"]
[Black "Buhmann, Rainer"]
[Result "0-1"]
[WhiteElo "2506"]
[BlackElo "2593"]
[PlyCount "110"]
[EventDate "2012.11.02"]
[EventType "team"]
[EventRounds "11"]
[EventCountry "AUT"]
[WhiteTeam "SK Absam"]
[BlackTeam "SK MPOE Maria Saal"]

1. g3 d5 2. Bg2 c6 3. d3 Nf6 4. Nd2 e5 5. c3 Bd6 6. e4 O-O 7. Ngf3 Re8 8. O-O
Bg4 9. h3 Bh5 10. Qb3 Nbd7 11. Re1 Bf8 12. exd5 cxd5 13. Qc2 Qc7 14. Nf1 Rad8
15. Nh4 d4 16. c4 b5 17. b3 Bb4 18. Bd2 Bxd2 19. Nxd2 bxc4 20. bxc4 Nc5 21. Nb3
e4 22. Nxc5 Qxc5 23. dxe4 d3 24. Qd2 Be2 25. Nf5 g6 26. Ne3 Qd4 27. Nd5 Nxe4
28. Bxe4 Rxe4 29. Nc3 Re6 30. Kg2 Rde8 31. Rac1 Qxc4 32. Nxe2 Qd5+ 33. Kg1 Rxe2
34. Rxe2 Rxe2 35. Rc8+ Kg7 36. Qc3+ Kh6 37. Rc4 Re4 38. Rc5 Qd4 39. Qxd4 Rxd4
40. Rc1 Kg5 41. Kg2 Kf5 42. Kf3 d2 43. Rd1 Rd3+ 44. Ke2 Ke4 45. a4 a5 46. h4 h5
47. Rxd2 Rxd2+ 48. Kxd2 Kf3 49. Ke1 f5 50. Kf1 f4 51. gxf4 Kxf4 52. Ke2 Kg4 53.
Ke3 Kxh4 54. Kf4 Kh3 55. Kg5 h4 0-1

[Event "AUT_chT 2012/13"]
[Site "Hohenems"]
[Date "2012.11.03"]
[Round "2"]
[Board "3"]
[White "Pavasovic, Dusko"]
[Black "Dizdar, Goran"]
[Result "1/2-1/2"]
[WhiteElo "2557"]
[BlackElo "2491"]
[PlyCount "62"]
[EventDate "2012.11.02"]
[EventType "team"]
[EventRounds "11"]
[EventCountry "AUT"]
[WhiteTeam "SK MPOE Maria Saal"]
[BlackTeam "SK Absam"]

1. e4 e6 2. d4 d5 3. Nd2 c5 4. Ngf3 a6 5. exd5 exd5 6. Be2 Nf6 7. O-O Be7 8.
dxc5 Bxc5 9. Nb3 Bb6 10. Bg5 O-O 11. c3 Re8 12. Nfd4 h6 13. Bh4 Nc6 14. f3 Nxd4
15. Nxd4 Bxd4+ 16. cxd4 Bd7 17. Re1 Qb6 18. Qd2 Bb5 19. Bxb5 axb5 20. Bxf6 Qxf6
21. Rxe8+ Rxe8 22. Rc1 Ra8 23. a3 Ra4 24. Rc8+ Kh7 25. Qd3+ g6 26. b4 Rxa3 27.
Qxa3 Qxd4+ 28. Kf1 Qd1+ 29. Kf2 Qd2+ 30. Kf1 Qd1+ 31. Kf2 Qd2+ 1/2-1/2

[Event "AUT_chT 2012/13"]
[Site "Hohenems"]
[Date "2012.11.03"]
[Round "2"]
[Board "5"]
[White "Halvax, Georg"]
[Black "Schmidlechner, Alexander"]
[Result "1-0"]
[WhiteElo "2282"]
[BlackElo "2304"]
[PlyCount "97"]
[EventDate "2012.11.02"]
[EventType "team"]
[EventRounds "11"]
[EventCountry "AUT"]
[WhiteTeam "SK MPOE Maria Saal"]
[BlackTeam "SK Absam"]

1. e4 c5 2. Nf3 a6 3. c3 e6 4. d4 d5 5. exd5 exd5 6. Bd3 Nc6 7. O-O Bd6 8. Re1+
Nge7 9. dxc5 Bxc5 10. Qc2 Bg4 11. Ne5 Bh5 12. Bg5 Nxe5 13. Rxe5 Bg6 14. Bxe7
Bxe7 15. Nd2 Kf8 16. Bxg6 Bf6 17. Rh5 fxg6 18. Qxg6 hxg6 19. Rxh8+ Ke7 20. Re1+
Kd6 21. Rxd8+ Rxd8 22. Nf3 Rc8 23. Rd1 a5 24. Nd4 Bxd4 25. Rxd4 Re8 26. Kf1 Kc5
27. f3 Re6 28. a3 Kc6 29. c4 dxc4 30. Rxc4+ Kd5 31. Ra4 b6 32. b4 axb4 33. Rxb4
Kc5 34. Kf2 b5 35. Rb3 Kc4 36. Rb4+ Kc5 37. Re4 Ra6 38. Re3 Ra4 39. g4 Rc4 40.
h4 Rc2+ 41. Kg3 Kd4 42. Re6 Rc7 43. Rxg6 Ra7 44. Rg5 Kc4 45. h5 Re7 46. Rg6 Ra7
47. g5 Rxa3 48. Rxg7 b4 49. h6 1-0

[Event "AUT_chT 2012/13"]
[Site "Hohenems"]
[Date "2012.11.03"]
[Round "2"]
[Board "6"]
[White "Gerhold, Michael"]
[Black "Hartl, Daniel"]
[Result "0-1"]
[WhiteElo "2256"]
[BlackElo "2272"]
[PlyCount "78"]
[EventDate "2012.11.02"]
[EventType "team"]
[EventRounds "11"]
[EventCountry "AUT"]
[WhiteTeam "SK Absam"]
[BlackTeam "SK MPOE Maria Saal"]

1. Nf3 d5 2. d4 Nf6 3. c4 c6 4. cxd5 cxd5 5. Nc3 Nc6 6. Bf4 Bf5 7. Qb3 Na5 8.
Qa4+ Bd7 9. Qc2 Rc8 10. e3 Ne4 11. Bd3 Nxc3 12. bxc3 e6 13. Rb1 h6 14. Ne5 Be7
15. O-O O-O 16. Qe2 Be8 17. Rfc1 Ba3 18. Qg4 f5 19. Qg3 Kh7 20. Qh3 Bxc1 21.
Rxc1 Nc6 22. Nf3 Kg8 23. Rb1 Rf7 24. g4 g5 25. Bg3 Qf6 26. Ne5 Nxe5 27. Bxe5
fxg4 28. Qxg4 Qxf2+ 29. Kh1 Qxe3 30. Bg6 Qf3+ 31. Qxf3 Rxf3 32. Rxb7 Bxg6 33.
Rg7+ Kf8 34. Rxg6 Rcxc3 35. Rxh6 Rf2 36. Rh8+ Kf7 37. Rh7+ Kg6 38. Rg7+ Kh6 39.
Kg1 Rxa2 0-1

[Event "AUT_chT 2012/13"]
[Site "Hohenems"]
[Date "2012.11.03"]
[Round "2"]
[Board "2"]
[White "Markus, Robert"]
[Black "Kraemer, Martin"]
[Result "1/2-1/2"]
[WhiteElo "2610"]
[BlackElo "2520"]
[PlyCount "83"]
[EventDate "2012.11.02"]
[EventType "team"]
[EventRounds "11"]
[EventCountry "AUT"]
[WhiteTeam "SK Sparkasse Jenbach"]
[BlackTeam "ASVOE Wulkaprodersdorf"]

1. c4 Nf6 2. Nc3 e6 3. e4 d5 4. cxd5 exd5 5. e5 Ne4 6. d4 Bb4 7. Qa4+ Nc6 8.
Bb5 Bd7 9. Nge2 Nxc3 10. bxc3 Be7 11. Nf4 a6 12. Be2 Nxe5 13. Qb3 Ng6 14. Qxb7
c6 15. Nxg6 hxg6 16. Bf4 O-O 17. O-O Qc8 18. Qb6 c5 19. Bf3 cxd4 20. Bxd5 Bc5
21. Qb3 Be6 22. cxd4 Bxd4 23. Rac1 Bxd5 24. Qxd5 Qd8 25. Bd6 Bb6 26. Rfe1 Qf6
27. Bg3 Rfd8 28. Qe4 Rac8 29. Qe2 Rxc1 30. Rxc1 Bd4 31. h4 Bb6 32. Kh2 Bd4 33.
Rc4 g5 34. h5 g6 35. Ra4 Qh8 36. Rxa6 Qxh5+ 37. Qxh5 gxh5 38. f3 h4 39. Bc7 Rd7
40. Ra4 Bg1+ 41. Kxg1 Rxc7 42. Kh2 1/2-1/2

[Event "AUT_chT 2012/13"]
[Site "Hohenems"]
[Date "2012.11.03"]
[Round "2"]
[Board "4"]
[White "Boensch, Uwe"]
[Black "Polzin, Rainer"]
[Result "1-0"]
[WhiteElo "2528"]
[BlackElo "2465"]
[PlyCount "90"]
[EventDate "2012.11.02"]
[EventType "team"]
[EventRounds "11"]
[EventCountry "AUT"]
[WhiteTeam "SK Sparkasse Jenbach"]
[BlackTeam "ASVOE Wulkaprodersdorf"]

1. d4 Nf6 2. c4 g6 3. Nc3 Bg7 4. e4 d6 5. Be2 O-O 6. Bg5 c5 7. d5 h6 8. Bf4 e6
9. Nf3 exd5 10. exd5 Re8 11. O-O a6 12. a4 Nh5 13. Bd2 Nd7 14. Re1 Ndf6 15. Qb3
Rb8 16. h3 Ne4 17. Nxe4 Rxe4 18. Bf1 Rxe1 19. Rxe1 Bd7 20. Qa3 a5 21. b3 b6 22.
Qc1 Qf8 23. g4 Nf6 24. Bf4 Re8 25. Bd3 Rxe1+ 26. Qxe1 h5 27. g5 Ne8 28. Kg2 Nc7
29. Qe3 Qd8 30. Nh4 Bf8 31. Qg3 Ne8 32. Bd2 Qe7 33. f4 Ng7 34. Qf3 Nf5 35. Nxf5
Bxf5 36. Bxf5 gxf5 37. Kg3 Bg7 38. Kh4 Bd4 39. Kxh5 Kg7 40. Kh4 Qe4 41. Qxe4
Bf2+ 42. Kh5 fxe4 43. Kg4 f6 44. Bc3 Bd4 45. Be1 f5+ 1-0

[Event "AUT_chT 2012/13"]
[Site "Hohenems"]
[Date "2012.11.03"]
[Round "2"]
[Board "5"]
[White "Schneider, Ilja"]
[Black "Bischoff, Klaus"]
[Result "1/2-1/2"]
[WhiteElo "2492"]
[BlackElo "2519"]
[PlyCount "66"]
[EventDate "2012.11.02"]
[EventType "team"]
[EventRounds "11"]
[EventCountry "AUT"]
[WhiteTeam "ASVOE Wulkaprodersdorf"]
[BlackTeam "SK Sparkasse Jenbach"]

1. d4 e6 2. e4 d5 3. Bd3 Nf6 4. e5 Nfd7 5. Nf3 Be7 6. O-O c5 7. c3 Nc6 8. Be3
a6 9. Nbd2 cxd4 10. cxd4 Nb6 11. Rc1 Bd7 12. a3 Na5 13. b4 Nac4 14. Nxc4 dxc4
15. Be2 a5 16. bxa5 Rxa5 17. Nd2 Ba4 18. Qe1 Bc6 19. Nxc4 Nxc4 20. Bxc4 Rxa3
21. f4 O-O 22. f5 Rxe3 23. Qxe3 Bg5 24. Qf2 Bxc1 25. Rxc1 exf5 26. e6 fxe6 27.
Bxe6+ Kh8 28. d5 Bxd5 29. Rd1 Bxe6 30. Rxd8 Rxd8 31. Qb6 Rd1+ 32. Kf2 Bg8 33.
Qxb7 Rd6 1/2-1/2

[Event "AUT_chT 2012/13"]
[Site "Hohenems"]
[Date "2012.11.03"]
[Round "2"]
[Board "1"]
[White "Erdos, Viktor"]
[Black "Bosiocic, Marin"]
[Result "1-0"]
[WhiteElo "2636"]
[BlackElo "2571"]
[PlyCount "95"]
[EventDate "2012.11.02"]
[EventType "team"]
[EventRounds "11"]
[EventCountry "AUT"]
[WhiteTeam "SK Husek Wien"]
[BlackTeam "ASVOE Fundermax St.Veit"]

1. d4 Nf6 2. c4 g6 3. f3 d5 4. cxd5 Nxd5 5. e4 Nb6 6. Nc3 Bg7 7. Be3 O-O 8. Qd2
Nc6 9. O-O-O f5 10. e5 Nb4 11. Nh3 Be6 12. Kb1 N4d5 13. Nf4 Nxf4 14. Bxf4 c6
15. h4 Qe8 16. h5 gxh5 17. Bh6 Bxh6 18. Qxh6 Qg6 19. Rxh5 Qxh6 20. Rxh6 Bf7 21.
Bd3 Bg6 22. g4 Rad8 23. gxf5 Bxf5 24. Rg1+ Kh8 25. Bxf5 Rxf5 26. Rgh1 Rxd4 27.
Rxh7+ Kg8 28. Rxe7 Rd7 29. Re8+ Kf7 30. Rhh8 Kg6 31. Rhg8+ Rg7 32. Rxg7+ Kxg7
33. Rb8 Rf7 34. Ne4 Nc4 35. Ng5 Re7 36. f4 Ne3 37. Ne4 Kf7 38. Nd6+ Ke6 39.
Rxb7 Rxb7 40. Nxb7 Nd5 41. Nc5+ Kf5 42. Nd3 a5 43. a4 Ke4 44. Kc2 Kd4 45. Kd2
Ne7 46. b3 c5 47. Nc1 Nd5 48. Ne2+ 1-0

[Event "AUT_chT 2012/13"]
[Site "Hohenems"]
[Date "2012.11.03"]
[Round "2"]
[Board "2"]
[White "Prohaszka, Peter"]
[Black "Horvath, Jozsef"]
[Result "1/2-1/2"]
[WhiteElo "2562"]
[BlackElo "2536"]
[PlyCount "61"]
[EventDate "2012.11.02"]
[EventType "team"]
[EventRounds "11"]
[EventCountry "AUT"]
[WhiteTeam "ASVOE Fundermax St.Veit"]
[BlackTeam "SK Husek Wien"]

1. d4 d5 2. c4 e6 3. Nf3 c5 4. cxd5 exd5 5. Nc3 Nc6 6. g3 Nf6 7. Bg2 Be7 8. O-O
O-O 9. dxc5 Bxc5 10. Bg5 d4 11. Ne4 Be7 12. Bxf6 Bxf6 13. b4 Nxb4 14. Nxf6+
Qxf6 15. Nxd4 Rd8 16. Qa4 a5 17. e3 Bd7 18. Qb3 Rab8 19. Rab1 Nc6 20. Nxc6 Bxc6
21. Bxc6 Qxc6 22. Qb5 Qxb5 23. Rxb5 b6 24. Rc1 g6 25. Rc6 Kg7 26. Kg2 Rdc8 27.
Rd6 Rc2 28. a4 Re8 29. Kf3 Ra2 30. Rbxb6 Rc8 31. Rbc6 1/2-1/2

[Event "AUT_chT 2012/13"]
[Site "Hohenems"]
[Date "2012.11.03"]
[Round "2"]
[Board "3"]
[White "Horvath, Csaba"]
[Black "Kuljasevic, Davorin"]
[Result "0-1"]
[WhiteElo "2514"]
[BlackElo "2564"]
[PlyCount "78"]
[EventDate "2012.11.02"]
[EventType "team"]
[EventRounds "11"]
[EventCountry "AUT"]
[WhiteTeam "SK Husek Wien"]
[BlackTeam "ASVOE Fundermax St.Veit"]

1. d4 Nf6 2. c4 e6 3. Nf3 d5 4. g3 Bb4+ 5. Bd2 Be7 6. Bg2 c6 7. Qc2 O-O 8. O-O
Nbd7 9. Bf4 b6 10. Rd1 Ba6 11. Ne5 Rc8 12. cxd5 cxd5 13. Nc6 Nh5 14. Be3 Nb8
15. Nxe7+ Qxe7 16. Nc3 h6 17. Rac1 Rfd8 18. b3 Nc6 19. Qb2 Nf6 20. h3 Bb7 21.
Bf4 Nh5 22. Be3 Nf6 23. Bf4 Nh5 24. Be3 f5 25. g4 Nf6 26. g5 Nh5 27. gxh6 f4
28. Bd2 Nxd4 29. e3 Nf5 30. exf4 Nh4 31. Bh1 Qf6 32. Na4 Qxh6 33. f5 Nf4 34.
Qe5 Nxh3+ 35. Kh2 Nf3+ 36. Bxf3 Ng5+ 37. Kg3 Qh3+ 38. Kf4 Qh2+ 39. Kxg5 Qxe5
0-1

[Event "AUT_chT 2012/13"]
[Site "Hohenems"]
[Date "2012.11.03"]
[Round "2"]
[Board "4"]
[White "Rogic, Davor"]
[Black "Juhasz, Kristof"]
[Result "1-0"]
[WhiteElo "2572"]
[BlackElo "2331"]
[PlyCount "85"]
[EventDate "2012.11.02"]
[EventType "team"]
[EventRounds "11"]
[EventCountry "AUT"]
[WhiteTeam "ASVOE Fundermax St.Veit"]
[BlackTeam "SK Husek Wien"]

1. e4 c6 2. Nc3 d5 3. Nf3 Bg4 4. h3 Bxf3 5. Qxf3 e6 6. d3 Nd7 7. Bd2 Ngf6 8. g4
h6 9. O-O-O Bd6 10. h4 dxe4 11. dxe4 Qe7 12. g5 Ng8 13. Bh3 O-O-O 14. Qe2 e5
15. Be3 Kb8 16. Na4 hxg5 17. hxg5 f6 18. Qg4 b5 19. Nc3 Nb6 20. Kb1 Nc4 21. Bc1
fxg5 22. Bxg5 Nf6 23. Qf3 Bc7 24. a3 Ba5 25. Ka2 Qf7 26. b3 Nd6 27. Bg2 Rhf8
28. Qg3 Rfe8 29. f4 Kb7 30. Rxd6 Rxd6 31. fxe5 Rde6 32. exf6 gxf6 33. Bd2 Rg8
34. Qf3 Bc7 35. Bh3 Ree8 36. Bf5 Be5 37. Ne2 Rd8 38. Ba5 Bc7 39. Bc3 Rdf8 40.
Nf4 Qe8 41. Rh7 Rf7 42. Rxf7 Qxf7 43. Be6 1-0

[Event "AUT_chT 2012/13"]
[Site "Hohenems"]
[Date "2012.11.03"]
[Round "2"]
[Board "5"]
[White "Wallner, Joachim"]
[Black "Neubauer, Martin"]
[Result "1/2-1/2"]
[WhiteElo "2378"]
[BlackElo "2440"]
[PlyCount "108"]
[EventDate "2012.11.02"]
[EventType "team"]
[EventRounds "11"]
[EventCountry "AUT"]
[WhiteTeam "SK Husek Wien"]
[BlackTeam "ASVOE Fundermax St.Veit"]

1. e4 e5 2. Nf3 Nc6 3. Bb5 f5 4. Nc3 fxe4 5. Nxe4 Nf6 6. d3 d5 7. Nc3 Bg4 8. h3
Bxf3 9. Qxf3 Bb4 10. O-O O-O 11. Bxc6 bxc6 12. Qe2 Qe8 13. Bd2 Bd6 14. Rae1 Qg6
15. Na4 Rae8 16. b3 c5 17. Be3 d4 18. Bc1 h5 19. Ba3 c4 20. Bxd6 cxd3 21. Qxd3
Qxd3 22. cxd3 cxd6 23. Rc1 Nd5 24. Rfd1 Rc8 25. Rc4 Rxc4 26. bxc4 Nb4 27. Rd2
Kf7 28. Kf1 Ke6 29. Ke2 Nc6 30. Rb2 Rb8 31. Rxb8 Nxb8 32. h4 Nd7 33. f3 Kf5 34.
g3 g5 35. hxg5 Kxg5 36. Nb2 Nc5 37. Nd1 h4 38. gxh4+ Kxh4 39. Nf2 Kg3 40. a3 a5
41. Nh1+ Kh2 42. Nf2 Kg2 43. Ng4 Na4 44. Nh6 Nc3+ 45. Kd2 Kxf3 46. Nf5 Na4 47.
Nxd6 Nc5 48. Nf7 e4 49. Ng5+ Kf4 50. Nxe4 Nxe4+ 51. dxe4 Kxe4 52. a4 d3 53. c5
Kd5 54. Kxd3 Ke5 1/2-1/2

[Event "AUT_chT 2012/13"]
[Site "Hohenems"]
[Date "2012.11.03"]
[Round "2"]
[Board "6"]
[White "Hebesberger, Thomas"]
[Black "Zojer, Stefan"]
[Result "1-0"]
[WhiteElo "2331"]
[BlackElo "2087"]
[PlyCount "97"]
[EventDate "2012.11.02"]
[EventType "team"]
[EventRounds "11"]
[EventCountry "AUT"]
[WhiteTeam "ASVOE Fundermax St.Veit"]
[BlackTeam "SK Husek Wien"]

1. c4 Nf6 2. g3 g6 3. Bg2 Bg7 4. Nc3 d6 5. e4 c5 6. Nge2 Nc6 7. O-O O-O 8. d3
Bd7 9. h3 Ne8 10. Be3 Nc7 11. d4 cxd4 12. Nxd4 Ne6 13. Nde2 Qa5 14. Qd2 Nc5 15.
Rab1 Qd8 16. b4 Ne6 17. f4 Rc8 18. Rfd1 b6 19. e5 Nb8 20. exd6 exd6 21. Ne4
Rxc4 22. Nxd6 Rc7 23. f5 gxf5 24. Nxf5 Ba4 25. Qxd8 Nxd8 26. Rdc1 Be5 27. Rxc7
Bxc7 28. Bd4 Re8 29. Nc3 Bd7 30. Nh6+ Kf8 31. Nd5 Bxg3 32. Nf6 Be5 33. Rd1 Bxf6
34. Bxf6 Ne6 35. Be5 Bb5 36. Rd5 Bc6 37. Rd2 Bxg2 38. Rxg2 Ke7 39. Ng8+ Rxg8
40. Rxg8 Nc6 41. Bc3 Nf4 42. Bd2 Nd5 43. a3 Nd4 44. Kf2 Nb5 45. a4 Nbc3 46.
Bxc3 Nxc3 47. Ra8 a5 48. bxa5 Nxa4 49. a6 1-0

[Event "AUT_chT 2012/13"]
[Site "Hohenems"]
[Date "2012.11.03"]
[Round "2"]
[Board "3"]
[White "Pinter, Jozsef"]
[Black "Groetz, Harald"]
[Result "1-0"]
[WhiteElo "2552"]
[BlackElo "2279"]
[PlyCount "57"]
[EventDate "2012.11.02"]
[EventType "team"]
[EventRounds "11"]
[EventCountry "AUT"]
[WhiteTeam "SK Sparkasse Fuerstenfeld"]
[BlackTeam "SK Zwettl"]

1. d4 Nf6 2. c4 c6 3. Nc3 d5 4. e3 a6 5. Qc2 g6 6. Nf3 Bg7 7. Bd2 O-O 8. Rc1
Bg4 9. cxd5 Bxf3 10. gxf3 Nxd5 11. f4 Nxc3 12. bxc3 e6 13. Bg2 Nd7 14. O-O Qc7
15. Rb1 Rab8 16. Qe4 Rfc8 17. c4 b6 18. Rfd1 c5 19. Rbc1 Rd8 20. d5 exd5 21.
cxd5 Qd6 22. Qd3 b5 23. e4 f6 24. Bh3 c4 25. Qe3 Re8 26. a3 f5 27. Bb4 Qc7 28.
e5 Rbc8 29. d6 1-0

[Event "AUT_chT 2012/13"]
[Site "Hohenems"]
[Date "2012.11.03"]
[Round "2"]
[Board "4"]
[White "Blatny, Pavel"]
[Black "Farago, Ivan"]
[Result "1/2-1/2"]
[WhiteElo "2420"]
[BlackElo "2472"]
[PlyCount "62"]
[EventDate "2012.11.02"]
[EventType "team"]
[EventRounds "11"]
[EventCountry "AUT"]
[WhiteTeam "SK Zwettl"]
[BlackTeam "SK Sparkasse Fuerstenfeld"]

1. Nf3 Nf6 2. c4 c5 3. b3 Nc6 4. Bb2 d5 5. cxd5 Nxd5 6. Nc3 e5 7. g3 Be6 8. Bg2
Be7 9. O-O O-O 10. d3 f6 11. Qc1 Rc8 12. Re1 Qd7 13. Nd2 Nd4 14. Nxd5 Bxd5 15.
Bxd5+ Qxd5 16. f3 Rfd8 17. Kg2 Bf8 18. Nf1 b5 19. Rb1 a6 20. Qd2 c4 21. dxc4
Qe6 22. Bxd4 Rxd4 23. Qc3 bxc4 24. Ne3 cxb3 25. Qxb3 Qxb3 26. axb3 a5 27. Rec1
Rb8 28. Ra1 Rxb3 29. Nc4 Bb4 30. Nxa5 Bxa5 31. Rxa5 Rd7 1/2-1/2

[Event "AUT_chT 2012/13"]
[Site "Hohenems"]
[Date "2012.11.03"]
[Round "2"]
[Board "5"]
[White "Poetz, Florian"]
[Black "Pisk, Petr"]
[Result "1/2-1/2"]
[WhiteElo "2420"]
[BlackElo "2381"]
[PlyCount "88"]
[EventDate "2012.11.02"]
[EventType "team"]
[EventRounds "11"]
[EventCountry "AUT"]
[WhiteTeam "SK Sparkasse Fuerstenfeld"]
[BlackTeam "SK Zwettl"]

1. e4 c5 2. Nf3 Nc6 3. d4 cxd4 4. Nxd4 e5 5. Nb5 d6 6. N1c3 a6 7. Na3 b5 8. Nd5
Nge7 9. c4 Nd4 10. Be3 Nxd5 11. cxd5 Be7 12. Bd3 O-O 13. O-O Bf6 14. Qd2 Bd7
15. Bxd4 exd4 16. f4 Re8 17. Nc2 Qb6 18. Kh1 a5 19. Ne1 g6 20. Nf3 Re7 21. h3
Rae8 22. Rad1 Bg7 23. Rfe1 b4 24. Bb1 Ba4 25. b3 Bd7 26. Bd3 Qc5 27. Rc1 Qb6
28. Kh2 Qb8 29. Re2 f5 30. exf5 Rxe2 31. Bxe2 Bxf5 32. Bc4 Qa7 33. Rd1 d3 34.
Bxd3 Bc3 35. Qc1 Bxd3 36. Rxd3 Re2 37. f5 gxf5 38. Qg5+ Qg7 39. Qd8+ Qf8 40.
Qxa5 Qe7 41. Qa6 Qe4 42. Qc8+ Kg7 43. Qd7+ Kg8 44. Qe6+ Kg7 1/2-1/2